LIBRARY & INFORMATION CENTRE, KCAET, TAVANUR

ONLINE PUBLIC ACCESS CATALOGUE (OPAC)

Engineering physical metallurgy / (Record no. 10716)

MARC details
000 -LEADER
fixed length control field 00393cam a2200157ua 4500
041 ## - LANGUAGE CODE
Language code of text/sound track or separate title eng
082 ## - DEWEY DECIMAL CLASSIFICATION NUMBER
Classification number 669
Item number LAK/EN
100 ## - MAIN ENTRY--AUTHOR NAME
Personal name Lakhtin, Y .
245 ## - TITLE STATEMENT
Title Engineering physical metallurgy /
260 ## - PUBLICATION, DISTRIBUTION, ETC. (IMPRINT)
Place of publication Moscow :
Name of publisher Foreign Language Publishing House.
300 ## - PHYSICAL DESCRIPTION
Number of Pages 471 ; .
942 ## - ADDED ENTRY ELEMENTS (KOHA)
Koha item type Books
Holdings
Withdrawn status Lost status Damaged status Home library Current library Date acquired Full call number Accession Number Koha item type
      KAUAET KAUAET 07/04/2012 669 3680 Books
      KAUAET KAUAET 07/04/2012 669 3667 Books
free website counter